000 00490cam a2200205ua 4500
001 1282
008 110629n ii |||gr||||Z||||||eng
020 _a81-219-0298-3
040 _cMAIN
082 _a330.954
100 _aDatt, Ruddar.,
245 1 _aIndian economy.
_cBy Ruddar Datt.
250 _a32th.
260 _aNew Delhi.:
_bS chand.,995.
300 _axvi, 844 p.:
_c26 cm.
653 _aEconomics.
653 _aIndian economy.
700 _aSudharam, K P M.,
942 _cBK
999 _c1183
_d1183